| 000 | 01254nam a2200217Ia 4500 | ||
|---|---|---|---|
| 003 | Ost | ||
| 005 | 20260507074958.0 | ||
| 008 | 260507s9999||||xx |||||||||||||| ||und|| | ||
| 040 | _cfsecg | ||
| 041 | _aara | ||
| 082 | _a330 | ||
| 100 |
_aوردم، باتر محمد علي _eمؤلف |
||
| 245 | 0 |
_aالعالم ليس للبيع : _bمخاطر العولمة على التنمية المستدامة / _c باتر محمد علي وردم |
|
| 260 |
_aعمان: _bالاهلية للنشر والتوزيع, _c2003 |
||
| 300 |
_a378 صفحة؛ _bإيضاحات ؛ _c24 سم |
||
| 504 | _aببليوغرافيا:ص.361-378 | ||
| 520 | _aفي مفهوم العولمة،صناعة العولمة وكيف يعمل النظام الاقتصادي العالمي؛منظمة التجارة العالمية...حكومة العولمة،حصاد التنمية في زمن العولمة،التنمية المستدامة هي الحل،اقتصاد قرصنة الطبيعة،حرية التجارة وحماية البيئة،عالم تحكمه الشركات،المجتمع المدني العالمي وحركة مناهضة العولمة الاقتصادية | ||
| 653 | _aالاقتصاد | ||
| 653 | _aالعولمة | ||
| 942 | _cكتاب | ||
| 999 |
_c42046 _d42046 |
||